Alternativas Económicas (Registre núm. 7630)
[ vista simple ]
| 000 -CABECERA | |
|---|---|
| Longitud fija campo de control | 00604nas-a2200229z--4500 |
| 001 - NÚMERO DE CONTROL | |
| Número de control | 991059134325106706 |
| 003 - IDENTIFICADOR DEL NÚMERO DE CONTROL | |
| Identificador del número de control | OSt |
| 005 - FECHA Y HORA DE LA ÚLTIMA TRANSACCIÓN | |
| Fecha y hora de la última transacción | 20220111185946.0 |
| 008 - CÓDIGOS DE INFORMACIÓN DE LONGITUD FIJA | |
| Códigos de información de longitud fija | 180507uuuuuuuuuuuuuu-p-o----u|----|spa-d |
| 022 ## - NÚMERO INTERNACIONAL NORMALIZADO PARA PUBLICACIONES SERIADAS | |
| Número Internacional Normalizado para Publicaciones Seriadas | 2014-9913 |
| 035 ## - NÚMERO DE CONTROL DEL SISTEMA | |
| Número de control del sistema | (CKB)9870000000002221 |
| 035 ## - NÚMERO DE CONTROL DEL SISTEMA | |
| Número de control del sistema | (EXLCZ)999870000000002221 |
| 040 ## - FUENTE DE LA CATALOGACIÓN | |
| Lengua de catalogación | cat |
| Centro transcriptor | CDMR |
| 210 ## - TÍTULO ABREVIADO | |
| Título abreviado | ALTERN. ECON. |
| 245 00 - MENCIÓN DE TÍTULO | |
| Título | Alternativas Económicas |
| 260 ## - PUBLICACIÓN, DISTRIBUCIÓN, ETC. (PIE DE IMPRENTA) | |
| Lugar de publicación, distribución, etc. | Barcelona: |
| Nombre del editor, distribuidor, etc. | Alternativas Económicas, |
| Fecha de publicación, distribución, etc. | 2013- |
| 310 ## - PERIODICIDAD ACTUAL | |
| Periodicidad actual | Mensual |
| 362 ## - FECHAS DE PUBLICACIÓN Y/O DESIGNACIÓN SECUENCIAL | |
| Fecha de publicación y/o designación secuencial | No. 1 (marzo 2013)- |
| 650 #0 - PUNTO DE ACCESO ADICIONAL DE MATERIA - TÉRMINO DE MATERIA | |
| 9 (RLIN) | 4819 |
| Término de materia o nombre geográfico como elemento inicial | Economia |
| Subdivisión de forma | Revistes |
| 776 ## - ENLACE A UN FORMATO FÍSICO ADICIONAL | |
| Número Internacional Normalizado para Publicaciones Seriadas (ISSN) | 2014-9204 |
| 942 ## - ENTRADA DE ELEMENTOS AGREGADOS (KOHA) | |
| Fuente de clasificaión o esquema | |
| Koha [por defecto] tipo de item | Publicacions periòdiques |
| Marca de registro de periódicas | 1 |
No hi ha exemplars disponibles.